Etnoarqueología /
Guardado en:
| Autor Corporativo: | |
|---|---|
| Formato: | |
| Series: | Orígenes del hombre
|
| Materias: | |
| Etiquetas: |
Agregar Etiqueta
Sin Etiquetas, Sea el primero en etiquetar este registro!
|
| LEADER | 01021ngm a22002775g 4500 | ||
|---|---|---|---|
| 001 | CEM.cems021919 | ||
| 008 | 130507b199?##################0###0#####d | ||
| 005 | 20240919181515.0 | ||
| 245 | 1 | 0 | |a Etnoarqueología / |c Folio |
| 300 | |a 47'. | ||
| 490 | 0 | |a Orígenes del hombre | |
| 500 | |a En soporte VHS, consultar en ventanilla. | ||
| 505 | 0 | |a Pueblos primitivos. La muerte. Restos de culturas de la edad de piedra. Conocimiento de la historia. Arqueología. Nueva Guinea. Tahití. Las herramientas. Naturaleza de las cosas. Reconstrucción de culturas paleolíticas. Etc. | |
| 538 | |a Soporte: VHS - Norma: Pal N - Color - Biblioteca EMUNS - Hitachi=0000 | ||
| 110 | 2 | |a Folio. | |
| 082 | 5 | 7 | |. 9/FOL-1 |
| 653 | |a ARQUEOLOGIA | ||
| 653 | |a ANTROPOLOGIA | ||
| 653 | |a ETNOARQUEOLOGIA | ||
| 653 | |a PREHISTORIA | ||
| 653 | |a PALEOLITICO | ||
| 653 | |a EDAD DE PIEDRA | ||
| 653 | |a HISTORIA | ||
| 653 | |a TAHITI | ||
| 653 | |a NIVEL SECUNDARIO | ||
| 859 | |a CEMS |b BIB. CEMS - Depto. Recursos Didacticos |h 571.9 |i FOL-1 |k DRD |p 562.12 |t Ej.1 | ||
